000 00306nam a22001337a 4500
008 181012b xxu||||| |||| 00| 0 eng d
020 _a0292776144
041 _aeng
080 _a316
100 _a50
101 _aSOC
245 _aThe Social Production of Urban Space
_cGottdiener, M
942 _2udc
_cBK
999 _c49606
_d49606